Kerala and Her People / (Record no. 1036)
[ view plain ]
| 000 -LEADER | |
|---|---|
| fixed length control field | 00427cam a2200169ua 4500 |
| 041 ## - LANGUAGE CODE | |
| Language code of text/sound track or separate title | eng |
| 082 ## - DEWEY DECIMAL CLASSIFICATION NUMBER | |
| Classification number | 954.83 |
| Item number | KRI/KE |
| 100 ## - MAIN ENTRY--AUTHOR NAME | |
| Personal name | Krishna Iyer, L.A . |
| 245 ## - TITLE STATEMENT | |
| Title | Kerala and Her People / |
| 260 ## - PUBLICATION, DISTRIBUTION, ETC. (IMPRINT) | |
| Place of publication | Palghat : |
| Name of publisher | The Educational supplies depot , |
| Year of publication | 1961. |
| 300 ## - PHYSICAL DESCRIPTION | |
| Number of Pages | 191 ; . |
| 942 ## - ADDED ENTRY ELEMENTS (KOHA) | |
| Koha item type | Books |
| Withdrawn status | Lost status | Damaged status | Home library | Current library | Date acquired | Full call number | Accession Number | Koha item type |
|---|---|---|---|---|---|---|---|---|
| Withdrawn | KAUAET | Malayalam University | 07/04/2012 | 954.83 | 10821 | Books |
